书目信息 |
| 题名: |
光电子器件
|
|
| 作者: | 丹塞 著 ;云南光学仪器厂技术情报室 译 | |
| 分册: | ||
| 出版信息: | 北京 国防工业出版社 1974 |
|
| 页数: | 182页 | |
| 开本: | 19cm | |
| 丛书名: | ||
| 单 册: | ||
| 中图分类: | TN15 | |
| 科图分类: | ||
| 主题词: | 光电器件 | |
| 电子资源: | ||
| ISBN: | ||
| 000 | 00742nam0 2200253 45 | |
| 001 | 0182006559 | |
| 005 | 20040520082440.9 | |
| 010 | @dCNY0.48 | |
| 091 | @a15034.1373 | |
| 100 | @a19950706d1974 em y0chiy0121 ea | |
| 101 | 0 | @achi |
| 102 | @aCN@b110000 | |
| 105 | @ay z 000yy | |
| 106 | @ar | |
| 200 | 10 | @a光电子器件@Aguang dian zi qi jian@f()丹塞著@F()Dan Sai Zhu@g云南光学仪器厂技术情报室译 |
| 210 | @a北京@c国防工业出版社@d1974 | |
| 215 | @a182页@d19cm | |
| 606 | @a光电器件 | |
| 690 | @aTN15@v3 | |
| 701 | 0 | @a丹塞@4著 |
| 712 | 02 | @a云南光学仪器厂技术情报室@AYun Nan Guang Xue Yi Qi Chang Ji Shu Qing Bao Shi@4译 |
| 801 | 0 | @aCN@b上海图书馆@c20040520 |
| 801 | 2 | @aCN@bNLC@c20040520 |
| 905 | @f1@b11344@f1@b11346@dTN15@e2 | |
| 光电子器件/()丹塞著/云南光学仪器厂技术情报室译.-北京:国防工业出版社,1974 |
| 182页;19cm |
| ISBN :CNY0.48 |
| ● |
| 相关链接 |
|
|
|
|
正题名:光电子器件
索取号:TN15/2
 
预约/预借
| 序号 | 登录号 | 条形码 | 馆藏地/架位号 | 状态 | 备注 |
| 1 | 0011344 | 001350521 | 密集书库/ [索取号:TN15/2] | 在馆 | |
| 2 | 0011346 | 001350488 | 第三借阅区/ [索取号:TN15/2] | 在馆 | |
| 3 | 0011348 | 01350442 | 第二样本阅览室/ [索取号:TN15/2] | 在馆 |